000 nam a22 7a 4500
999 _c234994
_d234994
003 Nust
005 20170404121426.0
008 170404b xxu||||| |||| 00| 0 eng d
040 _c0
082 _a338.5 VAR
100 _aVarian,Hal R.
245 _aIntermediate Microeconomics:
_bA Modern Approach
_cHal R.Varian
250 _a6th ed
260 _aRawalpindi
_bNational Book Foundation
_c2007
300 _a688+p.
500 _aH.B
942 _2ddc
_cBK
_k338.5 VAR